Genius Level General Knowledge - Multiple Choice #7 - Statistics

General Stats
  • This quiz has been taken 43 times
  • The average score is 6 of 10
Answer Stats
Question Answer % Correct
What color are jasmine flowers, most commonly? White
74%
What fruit was known as the "Chinese gooseberry" before getting its current name in the 1950s? Kiwifruit
69%
What is another name for the Yellow River? Huang He
64%
Who owns the women's record for the 100 meter dash – 10.49 seconds? Florence Griffith-Joyner
62%
What is the translation of the Latin word ovis? Sheep
59%
Who was known for giving his opponents "helicopter rides", in which they were thrown off a helicopter into the ocean? Augusto Pinochet
56%
Which of these cities in Spain is furthest north? Pamplona
54%
What legendary Viking was said to have raided Great Britain and laid siege to Paris in 845 AD? Ragnar Lodbrok
54%
What is Elvis holding in Andy Warhol's painting "Eight Elvises"? A pistol
46%
Which of these economic concepts refers to when increased efficiency leads to increased consumption? Jevons paradox
23%
No matching quizzes found
Score Distribution
Percent of People with Each Score
Percentile by Number Answered
Your Score History
You have not taken this quiz